¿ Qué factores extraclase o sesgos afectan la evaluación docente en la educación superior ? (Record no. 114255)

MARC details
000 -CABECERA
campo de control de longitud fija 00628nab a2200193 a 4500
005 - FECHA Y HORA DE LA ÚLTIMA TRANSACCIÓN
campo de control 20210219155300.0
008 - ELEMENTOS DE LONGITUD FIJA--INFORMACIÓN GENERAL
campo de control de longitud fija 991125s1985 mx 000 0 spa u
035 ## - NÚMERO DE CONTROL DEL SISTEMA
Número de control de sistema UPN01000142108
100 1# - ASIENTO PRINCIPAL--NOMBRE PERSONAL
Nombre de persona García Garduño, José María
100 1# - ASIENTO PRINCIPAL--NOMBRE PERSONAL
Filiación josemariagarduno@yahoo.com.mx
222 ## - TÍTULO CLAVE
Título clave REVISTA MEXICANA DE INVESTIGACION EDUCATIVA
245 ## - MENCIÓN DE TÍTULO
Título ¿ Qué factores extraclase o sesgos afectan la evaluación docente en la educación superior ?
300 ## - DESCRIPCIÓN FÍSICA
Extensión 303-325
362 0# - FECHAS DE PUBLICACIÓN Y/O DESIGNACIÓN SECUENCIAL
Fecha de publicación y/o designación secuencial 2000, vol. 5, no. 10, jul-dic.
653 0# - TERMINO DE INDIZACION - NO CONTROLADO
Término no controlado MAESTROS
653 0# - TERMINO DE INDIZACION - NO CONTROLADO
Término no controlado DESEMPEÑO ACADEMICO
653 0# - TERMINO DE INDIZACION - NO CONTROLADO
Término no controlado EDUCACION SUPERIOR
905 ## - TIPO DE MATERIAL
Tipo de material Articulo

No items available.